ARTE, CIUDAD, IGLESIA
Bewaard in:
| Hoofdauteur: | |
|---|---|
| Formaat: | Boek |
| Onderwerpen: | |
| Tags: |
Geen labels, Wees de eerste die dit record labelt!
|
MARC
| LEADER | 00000nam^a2200000^a^4500 | ||
|---|---|---|---|
| 001 | 000202509 | ||
| 005 | 20250521000000.0 | ||
| 009 | 20260310102943.008 | ||
| 035 | |a 031337 | ||
| 037 | |a Acervo Xavier Clavigero | ||
| 082 | |a 397. 4 |b BEG | ||
| 100 | |a Begoña, Mauricio de, |e (autor) | ||
| 245 | 1 | 0 | |a ARTE, CIUDAD, IGLESIA |
| 264 | |a Madrid, España : |b Studium de Cultura, |c 1951 | ||
| 300 | |a 85 p. | ||
| 336 | |a texto |b txt |2 rdacontenido | ||
| 337 | |a sin mediación |b n |2 rdamedio | ||
| 338 | |a volumen |b nc |2 rdasoporte | ||
| 649 | |a XX | ||
| 650 | |a Arte Religioso | ||
| 910 | |a Fondo General | ||
| 920 | |a Impresos - Libros | ||
| 930 | |a Colección General | ||
| 905 | |a 101 | ||
| 901 | |a 031337 |b IT1 |c ACC |i 031337 |u 20250521 | ||
| 902 | |a https://opac.biblio.iteso.mx/vufind/Record/000202509 | ||